00484 2200169 4500245011300000020002200113250000900135100002000144700001900164650001400183005001900197260003900216041001400255084001100269300002500280336000900305 aBaca Buku Ini Saat Engkau Gagal b : Sesungguhnya Berpura-pura Sukses itu MelelahkancKinanti Linda RhText a978-623-244-152-1 a2020 aKinanti Linda R aHerman Adamson aPsikologi a20240904074803 aYogyakartabPsikologi Cornerc2020 aIndonesia a155.25 a214 Halaman :c20 cm atext